| 000 | 01464nam a2200373 a 4500 | ||
|---|---|---|---|
| 001 | vtls000280960 | ||
| 003 | NLI | ||
| 005 | 20210602124508.0 | ||
| 008 | 101203s1990 enka 000 d eng | ||
| 020 |
_a0333511565 : _cPND 35.00 |
||
| 039 | 9 |
_y201012031829 _zVLOAD |
|
| 040 | 0 |
_aNLI _beng _cVERGIS-2010 _eAACR2 |
|
| 041 | 0 | _aeng | |
| 044 | _aenk | ||
| 082 | 0 | 4 | _a895.625 |
| 100 | 1 |
_aPowell, Brian, _d1939- _9428853 |
|
| 245 | 1 | 0 |
_aKabuki in modern Japan : _bMayama Seika and his plays / _cBrian Powell |
| 260 |
_aBasingstoke, Hampshire, Eng. : _bMacmillan ; in association with St. Antony's College, Oxford, _c1990 |
||
| 300 |
_axi, 218 p. : _bill. ; _c23 cm. |
||
| 440 | 0 |
_aSt. Antony's/Macmillan series _9108823 |
|
| 504 | _aBibliography : p. 201-202 | ||
| 600 | 1 | 0 |
_aMayama, Seika, _d1878-1948 _xCriticism and interpretation _9428854 |
| 600 | 1 | 0 |
_aMayama, Seika, _d1878-1948 _tGenroku chushingura _9428855 |
| 600 | 1 | 0 |
_aMayama, Seika, _d1878-1948 _xDramatic production _9428856 |
| 650 | 0 |
_aForty-seven Ronin in literature _9428857 |
|
| 650 | 0 |
_aKabuki _xHistory _y20th century _9428858 |
|
| 710 | 2 |
_aSt. Antony's College (University of Oxford) _9307887 |
|
| 887 | _a | ||
| 901 |
_a513455 _b16.4.1991 |
||
| 902 | _aE 895.625 P 871 | ||
| 949 |
_AVIRTUAITEM _D10000 _X100 _6PUR000513455ENG |
||
| 942 |
_2ddc _cBKS |
||
| 999 |
_aVIRTUA40 _c237461 _d237461 |
||
| 999 | _aVTLSSORT0080*0200*0400*0410*0440*0820*1000*2450*2600*3000*4400*5040*6000*6001*6002*6500*6501*7100*9010*9020*9490*9991 | ||